[Event "48th Bosna it"]
[Site "Sarajevo BIH"]
[Date "2018.05.06"]
[Round "3.19"]
[White "Nestorovic, Dejan"]
[Black "Kozarcanin, Sead"]
[Result "1/2-1/2"]
[WhiteElo "2364"]
[BlackElo "2066"]
[EventDate "2018.05.05"]
[PlyCount "63"]

1.d4 d5 2.c4 c6 3.Nf3 Nf6 4.Nc3 a6 5.c5 Nbd7 6.Bf4 Nh5 7.Bd2 g6 8.e4 dxe4 
9.Nxe4 Bg7 10.Bc4 O-O 11.O-O Ndf6 12.Nc3 Bg4 13.Be3 e6 14.Na4 Qe7 15.h3 
Bxf3 16.Qxf3 Nd5 17.Bxd5 exd5 18.Nb6 Rad8 19.Rfe1 Rfe8 20.g4 Qf6 21.Kg2 
Qxf3+ 22.Kxf3 Nf6 23.Bf4 Re4 24.Be5 Rxe1 25.Rxe1 Ne4 26.Bxg7 Kxg7 27.Re3 
Ng5+ 28.Ke2 Ne6 29.Kd3 h5 30.gxh5 gxh5 31.b4 h4 32.a4 1/2-1/2

[Event "48th Bosna it"]
[Site "Sarajevo BIH"]
[Date "2018.05.06"]
[Round "3.20"]
[White "Maksimovic, Bojan"]
[Black "Alaz, Ahmet Efekan"]
[Result "1/2-1/2"]
[WhiteElo "2301"]
[BlackElo "2072"]
[EventDate "2018.05.05"]
[PlyCount "166"]

1.e4 e6 2.d4 d5 3.Nc3 dxe4 4.Nxe4 Bd7 5.Nf3 Bc6 6.Bd3 Nd7 7.O-O Be7 8.Qe2 
Ngf6 9.Re1 Nxe4 10.Bxe4 Bxe4 11.Qxe4 c6 12.c4 O-O 13.Bd2 Qb6 14.Bc3 Bb4 
15.Qc2 Rad8 16.Qb3 Bxc3 17.bxc3 Rfe8 18.Rab1 Qxb3 19.axb3 Kf8 20.Ra1 Ra8 
21.Ra5 Re7 22.Rea1 a6 23.Re1 Rc8 24.Ne5 Nxe5 25.Raxe5 Rd7 26.b4 Rdc7 27.f4
Rd7 28.Kf2 Ra8 29.Ra1 Rc8 30.Kf3 Re8 31.g3 Ree7 32.Re3 Ke8 33.Ke2 Kd8 34.
Kd3 Re8 35.Kc2 h5 36.h3 g6 37.Kb3 Kc7 38.Ra5 Rdd8 39.Rf3 Rh8 40.Rg5 Rh6 
41.Re5 Rhh8 42.Re2 Rd7 43.Rg2 Rdd8 44.Rff2 Rh7 45.Re2 Rhh8 46.g4 hxg4 47.
hxg4 Rh3 48.Kc2 Rf3 49.Rgf2 Rxf2 50.Rxf2 Rh8 51.f5 exf5 52.gxf5 g5 53.Rg2 
f6 54.Re2 Rd8 55.Rh2 Rd7 56.Rh6 Rf7 57.c5 b5 58.cxb6+ Kxb6 59.Kd3 Kb5 60.
Rg6 a5 61.bxa5 Kxa5 62.Kc4 Kb6 63.d5 Rd7 64.dxc6 Rd6 65.Kb4 Kc7 66.c4 Kxc6
67.Rh6 g4 68.Rg6 g3 69.Rxg3 Rd1 70.Rg6 Rb1+ 71.Kc3 Kc5 72.Rxf6 Rc1+ 73.Kd3
Rxc4 74.Ke3 Kd5 75.Re6 Rg4 76.Kf3 Rh4 77.Kg3 Ra4 78.Re2 Kd6 79.f6 Kd7 80.
Re7+ Kd8 81.Re5 Kd7 82.Kf3 Rb4 83.Ke3 Ra4 1/2-1/2

[Event "48th Bosna it"]
[Site "Sarajevo BIH"]
[Date "2018.05.06"]
[Round "3.21"]
[White "Pecnik, Leo"]
[Black "Muhibic, Cazim"]
[Result "1-0"]
[WhiteElo "2299"]
[BlackElo "1920"]
[EventDate "2018.05.05"]
[PlyCount "49"]

1.Nf3 Nf6 2.g3 g6 3.Bg2 Bg7 4.O-O O-O 5.c4 c5 6.Nc3 Nc6 7.d4 cxd4 8.Nxd4 
a6 9.b3 Nxd4 10.Qxd4 d6 11.Bb2 Nd7 12.Qd2 Rb8 13.Nd5 Bxb2 14.Qxb2 Nb6 15.
Nf4 Bd7 16.Rfd1 Qc7 17.Rac1 Rfc8 18.h4 h5 19.Qd2 Qd8 20.Nxh5 gxh5 21.Qg5+ 
Kf8 22.Qh6+ Kg8 23.c5 Bf5 24.cxb6 Bg6 25.Bd5 1-0

[Event "48th Bosna it"]
[Site "Sarajevo BIH"]
[Date "2018.05.06"]
[Round "3.22"]
[White "Trisha, Kanyamarala"]
[Black "Ozen, Bahadir"]
[Result "0-1"]
[WhiteElo "1932"]
[BlackElo "2295"]
[EventDate "2018.05.05"]
[PlyCount "57"]

1.Nf3 g6 2.c4 Bg7 3.g3 e6 4.Bg2 Ne7 5.O-O O-O 6.Nc3 d5 7.cxd5 exd5 8.d4 c6
9.Bf4 Bf5 10.Qd2 Re8 11.Bh6 Bh8 12.Rad1 Nd7 13.h3 Nc8 14.Qf4 Qe7 15.Ne1 
Nf8 16.Bxf8 Kxf8 17.f3 Nd6 18.g4 g5 19.Qc1 Bg6 20.b3 Qe3+ 21.Qxe3 Rxe3 22.
Nb1 Rxe2 23.a4 Rae8 24.Kh1 Rb2 25.Nd3 Rxb1 26.Rxb1 Bxd3 27.Rbd1 Bxf1 28.
Rxf1 Re3 29.b4 0-1

[Event "48th Bosna it"]
[Site "Sarajevo BIH"]
[Date "2018.05.06"]
[Round "3.23"]
[White "Tratar, Marko"]
[Black "Yerden, Huseyin Eren"]
[Result "1-0"]
[WhiteElo "2456"]
[BlackElo "1975"]
[EventDate "2018.05.05"]
[PlyCount "85"]

1.g3 d5 2.f4 Nc6 3.Nf3 Bg4 4.d4 h5 5.Be3 Nh6 6.Bf2 e6 7.Nbd2 Bd6 8.h3 Bxf3
9.Nxf3 Qe7 10.e3 O-O-O 11.c3 f6 12.Bb5 Nb8 13.Nh4 Qf7 14.Be2 g6 15.c4 dxc4
16.Bxc4 Nc6 17.a3 g5 18.f5 gxh4 19.Bxe6+ Qxe6 20.fxe6 hxg3 21.Qxh5 gxf2+ 
22.Kxf2 Ne7 23.Rag1 Nhf5 24.Qf3 Nh4 25.Qd1 f5 26.Qc2 Rhf8 27.Rg7 Rf6 28.
Qc4 Nhg6 29.Rf7 Rf8 30.h4 R8xf7 31.exf7 Nh8 32.Qe6+ Rxe6 33.f8=Q+ Kd7 34.
Qxh8 f4 35.Re1 Ng6 36.Qh7+ Kc6 37.e4 Kb6 38.Qf7 Nf8 39.e5 Be7 40.Kf3 c6 
41.h5 Kc7 42.Rg1 Kd7 43.Rg8 1-0

[Event "48th Bosna it"]
[Site "Sarajevo BIH"]
[Date "2018.05.06"]
[Round "3.24"]
[White "Jakupovic, Neven"]
[Black "Nestorovic, Katarina"]
[Result "1-0"]
[WhiteElo "2324"]
[BlackElo "2038"]
[EventDate "2018.05.05"]
[PlyCount "87"]

1.Nf3 Nf6 2.c4 e6 3.g3 a6 4.Bg2 b5 5.b3 Bb7 6.O-O c5 7.d3 Nc6 8.Nbd2 Qb6 
9.e4 d6 10.Bb2 Be7 11.Re1 O-O 12.h4 Nb4 13.Bf1 Rfe8 14.Nh2 d5 15.e5 Nd7 
16.h5 Rad8 17.a3 Nc6 18.Qg4 bxc4 19.dxc4 Nd4 20.Bxd4 cxd4 21.Nhf3 Nc5 22.
b4 Ne4 23.c5 Qc7 24.Bd3 f5 25.Qf4 h6 26.Nf1 Bg5 27.Nxg5 hxg5 28.Qc1 g4 29.
a4 Rf8 30.b5 Nxc5 31.bxa6 Ba8 32.Qc2 Rc8 33.Rac1 Nxd3 34.Qxd3 Qb6 35.Nd2 
Rc3 36.Qb5 Rb8 37.Rb1 Rc6 38.Rec1 Rxc1+ 39.Rxc1 Qa7 40.Qd3 Rb6 41.Rc8+ Kh7
42.Qa3 Rc6 43.Rd8 d3 44.Qf8 1-0

[Event "48th Bosna it"]
[Site "Sarajevo BIH"]
[Date "2018.05.06"]
[Round "3.25"]
[White "Halilovic, Fahrudin"]
[Black "Dietmayer-Kraeutler, Marco"]
[Result "0-1"]
[WhiteElo "2035"]
[BlackElo "2318"]
[EventDate "2018.05.05"]
[PlyCount "112"]

1.d4 d5 2.Bf4 Bf5 3.e3 c5 4.Nf3 Nc6 5.Nc3 e6 6.Bb5 Qb6 7.Nh4 cxd4 8.exd4 
Ne7 9.Bd6 Bg6 10.O-O a6 11.Bc5 Qc7 12.Be2 b6 13.Ba3 Qf4 14.Nf3 Nf5 15.g3 
Qc7 16.Bxf8 Kxf8 17.Nb1 Ke7 18.c3 Rhb8 19.Re1 Kf8 20.Bf1 b5 21.a3 Na5 22.
Ne5 Nc4 23.Nxg6+ hxg6 24.Qc1 a5 25.Nd2 Qb6 26.Nb3 Ra7 27.Nc5 Kg8 28.b3 
Ncd6 29.Qf4 Rc8 30.g4 Nh6 31.Re3 Qc7 32.h3 Nb7 33.Qxc7 Rxc7 34.Bxb5 Nxc5 
35.dxc5 Rxc5 36.c4 Kf8 37.Rd1 dxc4 38.bxc4 Ke7 39.Red3 Kf6 40.Kg2 Ng8 41.
h4 g5 42.h5 Nh6 43.Kg3 g6 44.hxg6 Kxg6 45.Rd8 f5 46.f3 fxg4 47.fxg4 Re5 
48.R1d3 Rc7 49.a4 Re1 50.R8d4 Rg1+ 51.Kh3 Nxg4 52.Rd7 Rxd7 53.Rxd7 Ne5 54.
Bc6 Nxc6 55.Rd6 Ne5 56.Rxe6+ Kf5 0-1

[Event "48th Bosna it"]
[Site "Sarajevo BIH"]
[Date "2018.05.06"]
[Round "3.26"]
[White "Vlatkovic, Milos"]
[Black "Salkic, Mahir"]
[Result "1/2-1/2"]
[WhiteElo "2318"]
[BlackElo "2033"]
[EventDate "2018.05.05"]
[PlyCount "100"]

1.d4 Nf6 2.Nf3 d6 3.c4 g6 4.Nc3 Bg7 5.h3 O-O 6.e4 e5 7.d5 Nbd7 8.Bd3 Nc5 
9.Bc2 a5 10.Bg5 h6 11.Be3 b6 12.Qd2 Kh7 13.g4 Ng8 14.O-O-O Bd7 15.a4 Kh8 
16.Rhg1 Qe8 17.Nb5 Rc8 18.Qe2 f5 19.gxf5 gxf5 20.Bxc5 bxc5 21.Nh4 Ne7 22.
exf5 Rf6 23.Rg3 Nxf5 24.Nxf5 Bxf5 25.Rdg1 Bxc2 26.Qxc2 Rf7 27.Qe4 Qe7 28.
Rg6 Rg8 29.Nc3 Rf4 30.Qg2 Rf6 31.Ne4 Rxg6 32.Qxg6 Rf8 33.Kb1 Qf7 34.Qg4 
Rg8 35.Rg3 Rf8 36.Kc2 Qe7 37.Qg6 Qd7 38.b3 Qe7 39.f3 Rf4 40.Kd2 Qf8 41.Ke2
Qf7 42.Qxf7 Rxf7 43.Nc3 Kh7 44.Rg4 h5 45.Rg1 Bh6 46.Nb5 Re7 47.Nc3 Rf7 48.
Ne4 Rf4 49.Kf2 Rf8 50.Ke2 Rf4 1/2-1/2

[Event "48th Bosna it"]
[Site "Sarajevo BIH"]
[Date "2018.05.06"]
[Round "3.27"]
[White "Ababneh, Ghayth"]
[Black "Cerovic, Danilo"]
[Result "1/2-1/2"]
[WhiteElo "2006"]
[BlackElo "2307"]
[EventDate "2018.05.05"]
[PlyCount "52"]

1.e4 e6 2.d4 d5 3.Nc3 Nf6 4.e5 Nfd7 5.f4 c5 6.Nf3 Nc6 7.Be3 Be7 8.Qd2 O-O 
9.a3 b6 10.Bb5 Bb7 11.O-O f5 12.Be2 cxd4 13.Nxd4 Nxd4 14.Bxd4 Nc5 15.Rad1 
Kh8 16.Qe3 Rc8 17.b4 Ne4 18.Nxe4 dxe4 19.Qb3 Bd5 20.c4 Bb7 21.Be3 Qc7 22.
Rd2 Rfd8 23.Rfd1 Rxd2 24.Rxd2 h6 25.Qd1 Bc6 26.Bh5 Kh7 1/2-1/2

[Event "48th Bosna it"]
[Site "Sarajevo BIH"]
[Date "2018.05.06"]
[Round "3.28"]
[White "Dedic, Nedzad"]
[Black "Eric, Jovana"]
[Result "0-1"]
[WhiteElo "1973"]
[BlackElo "2301"]
[EventDate "2018.05.05"]
[PlyCount "80"]

1.e4 c5 2.Nc3 d6 3.Nf3 Nf6 4.d4 cxd4 5.Qxd4 a6 6.Bg5 Nbd7 7.Bc4 e5 8.Qd2 
Be7 9.O-O O-O 10.Rfe1 h6 11.Be3 Nb6 12.Bb3 Be6 13.h3 Nc4 14.Bxc4 Bxc4 15.
b3 Be6 16.Qd3 Qc7 17.Bd2 Rfd8 18.Qe2 b5 19.Rac1 Qb7 20.Nb1 Rac8 21.a3 Bf8 
22.Nh2 d5 23.exd5 Rxd5 24.Ng4 Nxg4 25.hxg4 Qd7 26.g5 h5 27.Bb4 Bg4 28.f3 
Bxb4 29.axb4 Bf5 30.c4 Bd3 31.Qe3 bxc4 32.Nc3 Rd4 33.bxc4 Rcxc4 34.Qxe5 
Qa7 35.Kh1 Rh4+ 36.Qh2 Rxh2+ 37.Kxh2 Qb8+ 38.Kh3 Bf5+ 39.g4 hxg4+ 40.fxg4 
Qxb4 0-1

[Event "48th Bosna it"]
[Site "Sarajevo BIH"]
[Date "2018.05.06"]
[Round "3.29"]
[White "Vajic, Goran"]
[Black "Korjenic, Esef"]
[Result "1-0"]
[WhiteElo "2294"]
[BlackElo "1939"]
[EventDate "2018.05.05"]
[PlyCount "111"]

1.e4 c5 2.Nc3 Nc6 3.f4 d6 4.Bb5 Bd7 5.Nf3 e6 6.O-O Be7 7.d3 Nf6 8.e5 Nd5 
9.Ne4 Nc7 10.exd6 Nxb5 11.dxe7 Qxe7 12.a4 Nc7 13.Ne5 O-O 14.b3 Be8 15.Bb2 
f6 16.Nc4 Rd8 17.Qe2 Nd4 18.Qf2 b6 19.b4 Bc6 20.bxc5 bxc5 21.Ba3 Bxe4 22.
dxe4 Na6 23.c3 Nc6 24.Qe2 Rd7 25.Ne3 Ncb8 26.Qc4 Kh8 27.Rab1 Rfd8 28.g3 h6
29.Rfd1 Rxd1+ 30.Rxd1 Rxd1+ 31.Nxd1 Qd6 32.Nf2 Nd7 33.Nd3 Qc6 34.Kf2 Kh7 
35.Ke3 Qb6 36.e5 f5 37.Qb5 c4+ 38.Qxb6 Nxb6 39.Nb2 Nc7 40.Bc5 a5 41.Bxb6 
Nd5+ 42.Kd4 Nxb6 43.Kc5 Nd5 44.Kxc4 g5 45.fxg5 hxg5 46.Kd4 Kg6 47.Nc4 f4 
48.gxf4 gxf4 49.Nxa5 Nb6 50.Nb3 Nxa4 51.c4 Kf5 52.c5 f3 53.c6 Nb6 54.c7 
Nc8 55.Nd2 f2 56.Ne4 1-0

[Event "48th Bosna it"]
[Site "Sarajevo BIH"]
[Date "2018.05.06"]
[Round "3.30"]
[White "Selimovic, Amir"]
[Black "Konjicanin, Muris"]
[Result "1-0"]
[WhiteElo "1932"]
[BlackElo "2289"]
[EventDate "2018.05.05"]
[PlyCount "87"]

1.e4 e6 2.d4 d5 3.Nc3 dxe4 4.Nxe4 Bd7 5.Nf3 Bc6 6.Bd3 Be7 7.O-O Nf6 8.Qe2 
Bxe4 9.Bxe4 Nxe4 10.Qxe4 Qd5 11.Qxd5 exd5 12.Bf4 Na6 13.Rfe1 f6 14.c3 Kd7 
15.h4 Rae8 16.Kf1 h5 17.Rad1 Nb8 18.Re3 Bd8 19.Rde1 Rxe3 20.Rxe3 Re8 21.
Ne1 Rxe3 22.Bxe3 Ke6 23.Nd3 Kf5 24.Nf4 g5 25.hxg5 fxg5 26.Nxh5 c6 27.f3 
Nd7 28.g4+ Kg6 29.Ke2 Bc7 30.Kd3 b5 31.b3 a6 32.Bf2 Nf8 33.Bg3 Bxg3 34.
Nxg3 Kf6 35.c4 Ng6 36.Ne2 Nf4+ 37.Nxf4 gxf4 38.cxb5 cxb5 39.b4 Kf7 40.Ke2 
Kg7 41.Kf2 Kf6 42.Kg2 Kg6 43.Kh3 Kg5 44.a3 1-0

[Event "48th Bosna it"]
[Site "Sarajevo BIH"]
[Date "2018.05.06"]
[Round "3.31"]
[White "Hodzic, Nihad"]
[Black "Vujicic, Dragisa"]
[Result "1-0"]
[WhiteElo "2280"]
[BlackElo "1900"]
[EventDate "2018.05.05"]
[PlyCount "63"]

1.d4 d5 2.c4 c6 3.Nc3 Nf6 4.e3 e6 5.Bd2 Nbd7 6.Rc1 dxc4 7.Bxc4 b5 8.Bd3 
Bb7 9.Nf3 Rc8 10.e4 b4 11.Na4 Be7 12.e5 Nd5 13.Qe2 Rc7 14.h4 h6 15.h5 c5 
16.O-O Bc6 17.Nxc5 Nxc5 18.dxc5 Qb8 19.Nd4 Kf8 20.f4 Kg8 21.f5 Bd7 22.fxe6
Bxe6 23.Nxe6 fxe6 24.Qg4 Qc8 25.Bg6 Bg5 26.Bxg5 hxg5 27.Qxg5 Rh6 28.Rf3 
Ne7 29.Rcf1 Nf5 30.g4 Qf8 31.gxf5 Qxc5+ 32.Qe3 1-0

[Event "48th Bosna it"]
[Site "Sarajevo BIH"]
[Date "2018.05.06"]
[Round "3.32"]
[White "Zenelaj, Fisnik"]
[Black "Obad, Andrija"]
[Result "0-1"]
[WhiteElo "1909"]
[BlackElo "2280"]
[EventDate "2018.05.05"]
[PlyCount "80"]

1.e4 c5 2.c4 d6 3.g3 Nc6 4.Bg2 g6 5.Nc3 Bg7 6.Nge2 e6 7.O-O Nge7 8.d3 O-O 
9.Be3 Nd4 10.Qd2 Re8 11.Bh6 Bh8 12.Nxd4 cxd4 13.Ne2 d5 14.cxd5 exd5 15.f3 
Bd7 16.h4 Qb6 17.Rac1 Be6 18.b3 Rac8 19.Kh2 Bd7 20.Nf4 Bc6 21.Bh3 Rb8 22.
Bg5 dxe4 23.fxe4 Nc8 24.Ng2 Nd6 25.Bf6 Bxf6 26.Rxf6 Qc7 27.Rcf1 Rbd8 28.h5
Bxe4 29.Rxd6 Rxd6 30.dxe4 Rxe4 31.h6 Qe7 32.Rf2 Rd8 33.Nh4 Re3 34.Nf3 d3 
35.Bf1 f6 36.Kg2 Qc5 37.b4 Qe7 38.a3 a6 39.Nh4 Kh8 40.Qc3 d2 0-1

[Event "48th Bosna it"]
[Site "Sarajevo BIH"]
[Date "2018.05.06"]
[Round "3.33"]
[White "Aleksic, Neven"]
[Black "Cabric, Izet"]
[Result "1-0"]
[WhiteElo "2154"]
[BlackElo "1885"]
[EventDate "2018.05.05"]
[PlyCount "69"]

1.d4 Nf6 2.c4 c5 3.d5 g6 4.Nc3 Bg7 5.e4 d6 6.Nf3 O-O 7.Be2 Na6 8.O-O Nc7 
9.Qc2 a6 10.a4 b6 11.h3 e6 12.Be3 Rb8 13.a5 b5 14.e5 dxe5 15.Bxc5 b4 16.
Na4 exd5 17.Nxe5 b3 18.Qd1 Qe8 19.f4 Ne4 20.Bxf8 Kxf8 21.Bf3 Bxe5 22.fxe5 
Qxe5 23.Nb6 Nc5 24.cxd5 Bf5 25.Rc1 Nd3 26.Qxd3 Qxb2 27.Qc3 Qxc3 28.Rxc3 
Nb5 29.Rxb3 Kg7 30.Rb2 Nd4 31.Rd1 Nxf3+ 32.gxf3 Bxh3 33.d6 Be6 34.d7 Rd8 
35.Rc2 1-0

[Event "48th Bosna it"]
[Site "Sarajevo BIH"]
[Date "2018.05.06"]
[Round "3.34"]
[White "Angun, Batu"]
[Black "Hasanovic, Jakub"]
[Result "1-0"]
[WhiteElo "2152"]
[BlackElo "1866"]
[EventDate "2018.05.05"]
[PlyCount "91"]

1.d4 d5 2.c4 dxc4 3.Nf3 c5 4.e3 e6 5.Bxc4 Nf6 6.O-O Be7 7.b3 O-O 8.Bb2 a6 
9.a4 Nc6 10.Nbd2 b6 11.Qe2 Na5 12.Bd3 Bb7 13.Rfd1 Nd5 14.dxc5 Bxc5 15.Nc4 
Qe7 16.Nxa5 bxa5 17.Rac1 Nb4 18.Bb1 Rfd8 19.Qc4 Rxd1+ 20.Rxd1 Bd5 21.Qc3 
f6 22.Nd4 Rc8 23.e4 Bb7 24.Qh3 Bxd4 25.Rxd4 e5 26.Rd1 Qc5 27.g3 Ba8 28.Qg4
Qf8 29.Rd7 Kh8 30.Rf7 Qxf7 31.Qxc8+ Qg8 32.Qxg8+ Kxg8 33.f4 Nc6 34.Kf2 Kf7
35.Ke3 Ke6 36.Bd3 Bb7 37.Bc4+ Kd6 38.Bd5 Nd8 39.Ba3+ Kd7 40.Bg8 h5 41.f5 
Ke8 42.Bc5 Nc6 43.Bc4 Nb4 44.Bxb4 axb4 45.a5 Kf8 46.Be2 1-0

[Event "48th Bosna it"]
[Site "Sarajevo BIH"]
[Date "2018.05.06"]
[Round "3.35"]
[White "Taylor, Robert Graham"]
[Black "Nenezic, Danilo"]
[Result "0-1"]
[WhiteElo "1889"]
[BlackElo "2116"]
[EventDate "2018.05.05"]
[PlyCount "65"]

1.Nf3 Nf6 2.g3 b6 3.Bg2 Bb7 4.O-O e6 5.c4 Be7 6.Nc3 O-O 7.d3 d6 8.e4 Nbd7 
9.Qe2 Re8 10.h3 c5 11.Nh2 Rb8 12.f4 Nf8 13.b3 Qd7 14.Bb2 Red8 15.Rad1 a6 
16.Nf3 b5 17.Kh2 b4 18.Nb1 Qc7 19.e5 N6d7 20.d4 d5 21.cxd5 Bxd5 22.dxc5 
Bxc5 23.Rc1 Qa7 24.Nbd2 Ng6 25.Ne4 Be3 26.Rce1 Bb6 27.Nfd2 Ne7 28.Nc4 Bxc4
29.bxc4 Nf5 30.g4 Nd4 31.Bxd4 Bxd4 32.Rc1 a5 33.c5 {nepregledno} 0-1

[Event "48th Bosna it"]
[Site "Sarajevo BIH"]
[Date "2018.05.06"]
[Round "3.36"]
[White "Bucan, Eldin"]
[Black "Celik, Eda"]
[Result "1/2-1/2"]
[WhiteElo "2115"]
[BlackElo "1831"]
[EventDate "2018.05.05"]
[PlyCount "125"]

1.e4 e5 2.Nf3 Nc6 3.c3 Nf6 4.d4 exd4 5.e5 Nd5 6.Qb3 Nb6 7.cxd4 d6 8.Bb5 
Bd7 9.O-O Be7 10.Nc3 a6 11.Bxc6 Bxc6 12.d5 Bd7 13.exd6 Bxd6 14.Re1+ Kf8 
15.Ne4 Ba4 16.Qd3 Nxd5 17.Nxd6 Qxd6 18.b3 Bc6 19.a4 Qf6 20.Nd4 Kg8 21.Ba3 
Nf4 22.Nxc6 Qxc6 23.Qg3 Nd5 24.Bb2 f6 25.Rad1 Qd7 26.Ba3 Re8 27.Qd3 c6 28.
b4 Kf7 29.Rxe8 Qxe8 30.b5 axb5 31.axb5 g6 32.bxc6 bxc6 33.Qc4 Qe6 34.h4 
Ra8 35.Bc5 Kg7 36.Rb1 Qc8 37.h5 gxh5 38.Rb3 Ra1+ 39.Kh2 Qf5 40.Rg3+ Kf7 
41.Qb3 Qb1 42.Qxb1 Rxb1 43.Rh3 Rc1 44.Ba7 Kg6 45.Rg3+ Kf5 46.Rf3+ Ke6 47.
Rh3 c5 48.Rxh5 c4 49.Rxh7 c3 50.Rh4 Ra1 51.Bd4 c2 52.Bb2 c1=Q 53.Bxc1 Rxc1
54.Rg4 Rc2 55.f3 f5 56.Rg6+ Ke5 57.Rg8 Ne3 58.Re8+ Kd4 59.Rg8 Kd3 60.Kh3 
f4 61.g3 fxg3 62.Rd8+ Ke2 63.Kxg3 1/2-1/2

[Event "48th Bosna it"]
[Site "Sarajevo BIH"]
[Date "2018.05.06"]
[Round "3.37"]
[White "Pantovic, Dragan"]
[Black "Erceg, Slobodan"]
[Result "1/2-1/2"]
[WhiteElo "2107"]
[BlackElo "1791"]
[EventDate "2018.05.05"]
[PlyCount "39"]

1.Nf3 Nf6 2.c4 g6 3.b4 Bg7 4.Bb2 O-O 5.g3 d5 6.cxd5 Nxd5 7.Bxg7 Kxg7 8.Qb3
Qd6 9.a3 Nc6 10.Bg2 Qf6 11.Nc3 Nxc3 12.dxc3 Be6 13.Qc2 Bc4 14.O-O Rfd8 15.
Rfe1 h6 16.Nd2 Qe6 17.Ne4 b6 18.a4 Ne5 19.a5 Rac8 20.Nd2 1/2-1/2

[Event "48th Bosna it"]
[Site "Sarajevo BIH"]
[Date "2018.05.06"]
[Round "3.38"]
[White "Stanivukovic, Drago"]
[Black "Maksimovic, Masa"]
[Result "1-0"]
[WhiteElo "1872"]
[BlackElo "2087"]
[EventDate "2018.05.05"]
[PlyCount "105"]

1.d4 Nf6 2.c4 c5 3.d5 b5 4.cxb5 a6 5.bxa6 g6 6.a7 Rxa7 7.Nc3 Ba6 8.e4 Bxf1
9.Kxf1 d6 10.Be3 Rb7 11.b3 Bg7 12.Rc1 O-O 13.f3 Qa5 14.Nge2 Na6 15.Qd2 
Rfb8 16.g4 Nd7 17.f4 Nb4 18.h4 Qa6 19.Kg2 c4 20.Rb1 cxb3 21.axb3 Qd3 22.
Rhd1 Qc2 23.Bd4 Qxd2 24.Rxd2 Na6 25.Bxg7 Kxg7 26.Nd4 Rc8 27.Nc6 Ndb8 28.
Nxb8 Rcxb8 29.Rdb2 Nb4 30.Kf3 Nd3 31.Rd2 Nc5 32.Rdb2 Nxb3 33.Ke3 f6 34.Ne2
Nc5 35.Rxb7 Rxb7 36.Rxb7 Nxb7 37.Nd4 Kf7 38.Ne6 Na5 39.Kd3 Nb3 40.Kc2 Na5 
41.Kc3 Ke8 42.Kb4 Nb7 43.Kb5 Nd8 44.g5 Kd7 45.Nxd8 Kxd8 46.Kc6 fxg5 47.
hxg5 Ke8 48.e5 dxe5 49.fxe5 Kd8 50.d6 exd6 51.exd6 Kc8 52.d7+ Kd8 53.Kd6 
1-0

[Event "48th Bosna it"]
[Site "Sarajevo BIH"]
[Date "2018.05.06"]
[Round "3.39"]
[White "Haskovic, Salih"]
[Black "Shah, Rishab"]
[Result "0-1"]
[WhiteElo "1857"]
[BlackElo "2084"]
[EventDate "2018.05.05"]
[PlyCount "52"]

1.d4 Nf6 2.c4 g6 3.Nc3 Bg7 4.g3 O-O 5.Nf3 d6 6.Bg2 Nc6 7.O-O a6 8.e4 Bg4 
9.h3 Bxf3 10.Bxf3 e5 11.d5 Nd4 12.Be3 Nxf3+ 13.Qxf3 Nd7 14.g4 Qe7 15.Qg2 
Bf6 16.b4 Bg5 17.Qg3 h6 18.Kg2 Kh7 19.Qf3 Rg8 20.Ne2 Raf8 21.Ng3 f5 22.
exf5 gxf5 23.Nxf5 e4 24.Nxe7 exf3+ 25.Kg1 Bxe7 26.Kh2 Bf6 0-1

[Event "48th Bosna it"]
[Site "Sarajevo BIH"]
[Date "2018.05.06"]
[Round "3.40"]
[White "Levar, Nenad"]
[Black "Basic, Nemanja"]
[Result "1-0"]
[WhiteElo "2075"]
[BlackElo "1763"]
[EventDate "2018.05.05"]
[PlyCount "97"]

1.e4 c5 2.Nf3 Nc6 3.Nc3 Nf6 4.d4 cxd4 5.Nxd4 e6 6.Ndb5 Bb4 7.a3 Bxc3+ 8.
Nxc3 d5 9.exd5 Nxd5 10.Bd2 O-O 11.Be2 Nxc3 12.Bxc3 Qe7 13.O-O Rd8 14.Bd3 
Rd5 15.Re1 Qg5 16.Qe2 Nd4 17.Bxd4 Rxd4 18.Rad1 g6 19.Be4 e5 20.c3 Rxd1 21.
Rxd1 Bh3 22.Qd2 Qxd2 23.Rxd2 Be6 24.Bxb7 Rb8 25.Ba6 Rb6 26.Be2 Bb3 27.g4 
h6 28.f3 a5 29.h4 Kf8 30.Kf2 Ke7 31.Bd3 g5 32.hxg5 hxg5 33.Bf5 a4 34.Ke3 
Be6 35.Bxe6 Kxe6 36.c4 f5 37.gxf5+ Kxf5 38.c5 Rb3+ 39.Ke2 Rb8 40.c6 g4 41.
fxg4+ Kxg4 42.c7 Rc8 43.Rc2 Kf4 44.Rc4+ e4 45.Rc5 e3 46.Rc4+ Ke5 47.Kxe3 
Kd5 48.Kd3 Kd6 49.Kc3 1-0

[Event "48th Bosna it"]
[Site "Sarajevo BIH"]
[Date "2018.05.06"]
[Round "3.41"]
[White "Sadikovic, Jasmin"]
[Black "Comor, Harun"]
[Result "1-0"]
[WhiteElo "2073"]
[BlackElo "1712"]
[EventDate "2018.05.05"]
[PlyCount "53"]

1.e4 c6 2.d4 d5 3.Nc3 dxe4 4.Nxe4 Bf5 5.Ng3 Bg6 6.Nf3 Nd7 7.Bc4 e6 8.O-O 
Bd6 9.Re1 Ne7 10.Ng5 O-O 11.Qe2 Bxg3 12.hxg3 Nd5 13.c3 h6 14.Nh3 N7f6 15.
g4 Qc7 16.g5 hxg5 17.Bxg5 Ne4 18.Bc1 Nef6 19.Bd3 Bxd3 20.Qxd3 Nh7 21.Re4 
c5 22.Rh4 g6 23.Ng5 Ndf6 24.Qh3 Nh5 25.Nxh7 Kxh7 26.g4 cxd4 27.gxh5 1-0

[Event "48th Bosna it"]
[Site "Sarajevo BIH"]
[Date "2018.05.06"]
[Round "3.42"]
[White "Zenelaj, Samuel"]
[Black "Marn, Jan"]
[Result "0-1"]
[WhiteElo "1840"]
[BlackElo "2063"]
[EventDate "2018.05.05"]
[PlyCount "68"]

1.c4 e6 2.Nc3 d5 3.cxd5 exd5 4.d4 c6 5.Bf4 Bd6 6.Bxd6 Qxd6 7.e3 Ne7 8.Nf3 
O-O 9.h3 Bf5 10.Bd3 Bxd3 11.Qxd3 Nd7 12.O-O Ng6 13.b4 b5 14.a4 a6 15.Rab1 
Nb6 16.a5 Nc4 17.Nd2 f5 18.f4 Rae8 19.Nxc4 dxc4 20.Qd2 Re6 21.Rfe1 Rd8 22.
Re2 Ne7 23.Kf1 Nd5 24.Nxd5 cxd5 25.Qc3 Rde8 26.Ke1 g5 27.fxg5 f4 28.Rbb2 
Rxe3 29.Qc1 Rxe2+ 30.Rxe2 Qxb4+ 31.Kf1 Rxe2 32.Kxe2 Qe7+ 33.Kf2 Qxg5 34.
Qd2 Qg3+ 0-1

[Event "48th Bosna it"]
[Site "Sarajevo BIH"]
[Date "2018.05.06"]
[Round "3.43"]
[White "Camdzija, Samir"]
[Black "Hoeneveld, Maarten"]
[Result "0-1"]
[WhiteElo "1822"]
[BlackElo "2045"]
[EventDate "2018.05.05"]
[PlyCount "54"]

1.e4 e5 2.Nf3 Nf6 3.d3 Nc6 4.h3 d5 5.exd5 Nxd5 6.Bd2 Bc5 7.Nc3 O-O 8.Ne4 
Bb6 9.Be2 f5 10.Ng3 Qe8 11.O-O Qg6 12.Kh2 e4 13.Ng1 e3 14.fxe3 Bxe3 15.c4 
f4 16.Ne4 Bxg1+ 17.Rxg1 Nf6 18.Nxf6+ Rxf6 19.Be1 Nd4 20.Bh5 Qg5 21.Bf2 Rh6
22.Bf3 Bd7 23.g4 Nxf3+ 24.Qxf3 Bc6 25.Qd1 Re8 26.b4 Rxh3+ 27.Kxh3 Re3+ 0-1

[Event "48th Bosna it"]
[Site "Sarajevo BIH"]
[Date "2018.05.06"]
[Round "3.44"]
[White "Bavcic, Fuad"]
[Black "Urh, Zala"]
[Result "0-1"]
[WhiteElo "1694"]
[BlackElo "2040"]
[EventDate "2018.05.05"]
[PlyCount "68"]

1.d4 Nf6 2.c4 e6 3.a3 d5 4.Nc3 b6 5.Nf3 Bb7 6.e3 a6 7.Bd2 Bd6 8.b4 dxc4 9.
Bxc4 O-O 10.O-O Nbd7 11.h3 Qe7 12.Re1 e5 13.d5 e4 14.Nd4 Qe5 15.f4 exf3 
16.Nxf3 Qh5 17.e4 Rfe8 18.Be2 Qg6 19.Bf1 Nxe4 20.Bd3 f5 21.Bc4 Qg3 22.Rf1 
Ne5 23.Nxe5 Bxe5 24.Nxe4 fxe4 25.Qb3 e3 26.Bxe3 Bxa1 27.Rxa1 Qxe3+ 28.Qxe3
Rxe3 29.d6+ Kh8 30.dxc7 Re7 31.b5 Rxc7 32.bxa6 Bxa6 33.Bxa6 Rxa6 34.Rd1 h6
0-1

[Event "48th Bosna it"]
[Site "Sarajevo BIH"]
[Date "2018.05.06"]
[Round "3.45"]
[White "Leutic, Ante"]
[Black "Herega, Nejc"]
[Result "0-1"]
[WhiteElo "2087"]
[BlackElo "1600"]
[EventDate "2018.05.05"]
[PlyCount "80"]

1.e4 c5 2.Nc3 Nc6 3.Bb5 Nd4 4.Bd3 g6 5.Nf3 Nxf3+ 6.Qxf3 Bg7 7.O-O d6 8.Bc4
Nf6 9.d3 O-O 10.Bg5 Rb8 11.a4 Bd7 12.Qg3 Bc6 13.Rae1 a6 14.f4 b5 15.axb5 
axb5 16.Bb3 b4 17.Ne2 d5 18.e5 Nd7 19.Qh3 Nb6 20.c3 Na4 21.Bxa4 Bxa4 22.
Bh6 bxc3 23.bxc3 Bd7 24.Qh4 e6 25.Qh3 Rb2 26.Rf3 Qe7 27.Bxg7 Kxg7 28.g4 f5
29.g5 Ra8 30.d4 Bb5 31.Re3 Raa2 32.Qf3 Qa7 33.dxc5 Bxe2 34.R1xe2 Qxc5 35.
Qf2 Qb5 36.Kf1 Qb3 37.Kg2 d4 38.Rxb2 Qxb2 39.Rf3 dxc3 40.Qxb2 cxb2 0-1

[Event "48th Bosna it"]
[Site "Sarajevo BIH"]
[Date "2018.05.06"]
[Round "3.46"]
[White "Hamzic, Adil"]
[Black "Kurtcehajlic, Suad"]
[Result "0-1"]
[WhiteElo "1688"]
[BlackElo "1994"]
[EventDate "2018.05.05"]
[PlyCount "36"]

1.e4 c6 2.Nf3 d5 3.exd5 cxd5 4.d4 Nc6 5.c3 Bg4 6.Be2 e6 7.Bf4 Nf6 8.Nbd2 
Be7 9.O-O O-O 10.h3 Bh5 11.Ne5 Nxe5 12.Bxh5 Nd3 13.Bg3 Nxb2 14.Qc2 Nxh5 
15.Bh2 Nc4 16.Nxc4 dxc4 17.Qe2 Nf6 18.Qxc4 Bd6 0-1

[Event "48th Bosna it"]
[Site "Sarajevo BIH"]
[Date "2018.05.06"]
[Round "3.47"]
[White "Kajevic, Dzevad"]
[Black "Beslija, Ismir"]
[Result "1-0"]
[WhiteElo "1979"]
[BlackElo "1696"]
[EventDate "2018.05.05"]
[PlyCount "60"]

1.d4 d5 2.Nf3 c6 3.Bf4 Bf5 4.e3 e6 5.Be2 h6 6.h3 Bd6 7.O-O Nf6 8.c4 Bxf4 
9.exf4 Qc7 10.Ne5 Nfd7 11.cxd5 exd5 12.Bg4 Bh7 13.Nc3 O-O 14.Rc1 Nf6 15.
Bf3 Qd6 16.Re1 Nbd7 17.g3 Qb4 18.b3 Nxe5 19.fxe5 Ne8 20.Na4 Qe7 21.Nc5 Bf5
22.Bg4 Be6 23.Bxe6 fxe6 24.Qg4 Rf5 25.Qg6 Nc7 26.Nxb7 Raf8 27.f4 Nb5 28.
Nd6 Nxd4 29.Nxf5 Nf3+ 30.Kf2 Nxe1 1-0